00914 a2200193 45000010006000000050017000060080041000230030015000640400040000790800035001192450064001540200018002182640038002363000024002745050297002980410008005951000018006038560099006214492220260407155724.0260407a1993 arg spa dAR-UNSa-BCEJYS aAR-UNSa-BCEJYSbspacAR-UNSa-BCEJYS a330.34xDesarrollo Económico10aInforme sobre el desarrollo mundial 1993pinvertir en salud a0-8213-2361-X 1aWashington :bBanco Mundialc1993 axii, 335 p.c27 cm. a1. La salud en los países en desarrollo: éxitos y retos a enfrentar – 2. Las unidades familiares y la salud – 3. El papel de los gobiernos y los mercados en el sector de salud – 4. Salud pública – 5. Servicios clínicos – 6. Recursos para salud – 7. Programa de acción -  aspa1 aBanco Mundial41uhttps://www.biblioeco.unsa.edu.ar/pmb/images/libros/L127045.jpgyImagen de portadaqimage/jpeg